| 000 | 01330cab a2200229 4500 | ||
|---|---|---|---|
| 001 | ABS68735 | ||
| 008 | 050221n2005 000 0 eng u | ||
| 035 | _a(Sirsi) u128852 | ||
| 100 | _aShepherd, M. | ||
| 245 | _aBreaking the mould | ||
| 260 | _c2005 | ||
| 490 |
_aProperty Week _v70(5) 4 February 2005, 70-71(2) |
||
| 520 | _aA report to be published by RICS, "Mould inside living spaces in England", aims to bring to the attention of the British property industry the problem of mould in many homes and offices. In the United States this has led to many claims for personal injury and there are fears that there could now be a wave of similar lawsuits in the UK. RICS has commissioned a study to see if the mould that has been at the centre of the US litigation is present in Britain. The research found that one or more of the moulds were found in a minority of the properties surveyed but there is no link between these moulds and their claimed toxic effects and the mould is only a problem for people who are particularly susceptible such as those with respiratory problems. | ||
| 590 | _aABS | ||
| 650 | _aUNITED STATES | ||
| 650 | _aPERSONAL INJURY CLAIMS | ||
| 650 | _aASPERGILLUS FUMIGATUS | ||
| 650 | _aSTACHYBOTRYS CHARTARUM | ||
| 650 | _aTOXIC MOULD | ||
| 690 |
_aHealth and safety _96244 |
||
| 942 | _n0 | ||
| 999 |
_c74820 _d74820 |
||